000 00265nam a2200109Ia 4500
008 200302s9999 xx 000 0 und d
100 _aAuthor
245 _aArchitectural Ideas
260 _bWhite Flag Media & Communication Ltd.,
260 _c2011
300 _a217 P.,
999 _c2993
_d2993